[Event "Cheliabinsk Lozovatsky Memorial-B"]
[Site "Cheliabinsk"]
[Date "2023.02.04"]
[Round "9"]
[White "Eidelson, Rakhil"]
[Black "Vanishvili, Mari"]
[Result "0-1"]
[WhiteElo "1787"]
[BlackElo "1967"]
[PlyCount "86"]
[EventDate "2023.01.27"]
[EventType "swiss"]
[EventRounds "10"]
[EventCountry "RUS"]
[SourceTitle "CBM 212 Extra"]
[Source "ChessBase"]
[SourceDate "2023.03.31"]
[SourceVersion "1"]
[SourceVersionDate "2023.03.31"]
[SourceQuality "1"]

1. e4 c6 2. d4 d5 3. Nc3 dxe4 4. Nxe4 Nf6 5. Ng3 e5 6. Nf3 exd4 7. Qxd4 Nbd7 8. Bc4 b5 9. Qe3+ Qe7 10. Be2 Qxe3 11. Bxe3 Nd5 12. Bd2 g6 13. Nd4 Bb7 14. Ne4 f5 15. Ng5 a6 16. 0-0-0 h6 17. Ngf3 Kf7 18. Nb3 Re8 19. Rhe1 Nc5 20. Na5 Ba8 21. c4 Nf6 22. cxb5 cxb5 23. Bc3 Nce4 24. Ne5+ Rxe5 25. Bxe5 Bb4 26. Nb3 Bxe1 27. Rxe1 Rc8+ 28. Kb1 Nxf2 29. Bf1 N6g4 30. Bd4 Ne4 31. h3 Ngf6 32. Be2 Ng5 33. h4 Be4+ 34. Ka1 Ne6 35. g3 Nd5 36. a3 Bc2 37. Rc1 Bxb3 38. Rxc8 Nxd4 39. Bf1 Nf6 40. Bd3 Ne4 41. Rd8 Ne6 42. Ra8 N6c5 43. Bxe4 fxe4 0-1

[Event "Orsha op-A 21st"]
[Site "Orsha"]
[Date "2023.01.20"]
[Round "2"]
[White "Moskalenko, Alexander"]
[Black "Eidelson, Rakhil"]
[Result "1-0"]
[WhiteElo "2482"]
[BlackElo "1787"]
[PlyCount "81"]
[EventDate "2023.01.19"]
[EventType "swiss"]
[EventRounds "9"]
[EventCountry "BLR"]
[SourceTitle "CBM 212 Extra"]
[Source "ChessBase"]
[SourceDate "2023.03.31"]
[SourceVersion "1"]
[SourceVersionDate "2023.03.31"]
[SourceQuality "1"]

1. e4 c5 2. Nf3 Nc6 3. Bb5 Qc7 4. 0-0 e5 5. Re1 Nge7 6. Nc3 d6 7. Nd5 Qd8 8. c3 a6 9. Bc4 b5 10. Nxe7 Bxe7 11. Bd5 Bd7 12. d4 Qc7 13. dxe5 dxe5 14. Ng5 Bxg5 15. Bxg5 0-0 16. Qh5 Rae8 17. Re3 Ne7 18. Rg3 Ng6 19. Re1 Kh8 20. Be3 Bc8 21. Rf3 Nf4 22. Bxf4 exf4 23. Qg5 Qd6 24. Kf1 Be6 25. Qxf4 Qb6 26. Rd3 c4 27. Rd4 Kg8 28. Red1 Qa5 29. a3 Qb6 30. Bxe6 Rxe6 31. Rd6 Rxd6 32. Qxd6 Qb7 33. Rd5 h6 34. f3 Rc8 35. h4 Kh7 36. Qd7 Rc7 37. Qf5+ g6 38. Qf6 Rd7 39. Qd4 Rxd5 40. exd5 Qd7 41. d6 1-0

[Event "Cheliabinsk Panchenko Memorial op-B"]
[Site "Cheliabinsk"]
[Date "2022.09.21"]
[Round "10"]
[White "Antonova, Nadezhda"]
[Black "Eidelson, Rakhil"]
[Result "0-1"]
[WhiteElo "1909"]
[BlackElo "1792"]
[PlyCount "106"]
[EventDate "2022.09.12"]
[EventType "swiss"]
[EventRounds "10"]
[EventCountry "RUS"]
[SourceTitle "CBM 210 Extra"]
[Source "ChessBase"]
[SourceDate "2022.11.30"]
[SourceVersion "1"]
[SourceVersionDate "2022.11.30"]
[SourceQuality "1"]

1. d4 Nf6 2. c4 c5 3. d5 b5 4. cxb5 a6 5. b6 Qxb6 6. Nc3 d6 7. e4 g6 8. Be2 Bg7 9. Nf3 0-0 10. Nd2 Nbd7 11. Nc4 Qc7 12. Bf4 Ne8 13. 0-0 Nb6 14. Ne3 Qb8 15. Rb1 Nc7 16. Bg3 Nb5 17. Nxb5 axb5 18. Bxb5 Rxa2 19. b4 cxb4 20. Qb3 Qa7 21. Qxb4 Nd7 22. Rfd1 Nc5 23. Rdc1 Ba6 24. e5 Bxb5 25. Qxb5 Ne4 26. exd6 exd6 27. Qc6 Nxg3 28. hxg3 Be5 29. Qb6 Bd4 30. Qxa7 Rxa7 31. Rc6 Bc5 32. Nc4 Rd8 33. Rb2 Ra1+ 34. Kh2 Rc1 35. Nd2 Re1 36. Nf3 Rd1 37. Nd2 Bxf2 38. g4 Bd4 39. Rbc2 Be5+ 40. g3 Kg7 41. Ra2 Rb8 42. Nf3 Rxd5 43. Nxe5 dxe5 44. g5 e4 45. Rc7 Rxg5 46. Raa7 Rf5 47. Re7 Rb2+ 48. Kh3 h5 49. Rxe4 Rff2 50. g4 Rh2+ 51. Kg3 Rbg2+ 52. Kf3 Rf2+ 53. Ke3 Re2+ 0-1

[Event "Cheliabinsk Panchenko Memorial op-B"]
[Site "Cheliabinsk"]
[Date "2022.09.13"]
[Round "2"]
[White "Eidelson, Rakhil"]
[Black "Voronaya, Eva"]
[Result "1-0"]
[WhiteElo "1792"]
[BlackElo "1474"]
[PlyCount "51"]
[EventDate "2022.09.12"]
[EventType "swiss"]
[EventRounds "10"]
[EventCountry "RUS"]
[SourceTitle "CBM 210 Extra"]
[Source "ChessBase"]
[SourceDate "2022.11.30"]
[SourceVersion "1"]
[SourceVersionDate "2022.11.30"]
[SourceQuality "1"]

1. d4 d5 2. c4 e6 3. Nc3 a6 4. e3 Nf6 5. Nf3 Be7 6. Bd3 0-0 7. 0-0 c5 8. cxd5 cxd4 9. Nxd4 Nxd5 10. Nxd5 Qxd5 11. Bc2 Nd7 12. Nf5 Qc5 13. Nxe7+ Qxe7 14. b3 Nf6 15. Bb2 Rd8 16. Qf3 a5 17. Rad1 Rxd1 18. Rxd1 e5 19. h3 h5 20. Qg3 Nd7 21. f4 f6 22. fxe5 Nxe5 23. Bxe5 Qxe5 24. Rd8+ Kf7 25. Qg6+ Ke7 26. Qe8# 1-0

[Event "Cheliabinsk Variation-B"]
[Site "Cheliabinsk"]
[Date "2022.04.08"]
[Round "7"]
[White "Eidelson, Rakhil"]
[Black "Barkasheva, Sofia"]
[Result "1-0"]
[WhiteElo "1883"]
[BlackElo "1534"]
[PlyCount "83"]
[EventDate "2022.04.01"]
[EventType "swiss"]
[EventRounds "9"]
[EventCountry "RUS"]
[SourceTitle "CBM 207 Extra"]
[Source "ChessBase"]
[SourceDate "2022.05.31"]
[SourceVersion "1"]
[SourceVersionDate "2022.05.31"]
[SourceQuality "1"]

1. d4 Nf6 2. Nf3 g6 3. Nc3 d5 4. Bf4 c6 5. Qd2 h6 6. h3 Bg7 7. Ne5 Nbd7 8. 0-0-0 Nxe5 9. Bxe5 0-0 10. e3 b5 11. Bd3 Qa5 12. Kb1 b4 13. Ne2 Qb6 14. f3 a5 15. g4 Ba6 16. h4 Nd7 17. Bxg7 Kxg7 18. h5 Bxd3 19. cxd3 g5 20. f4 f6 21. Rc1 Rac8 22. e4 dxe4 23. dxe4 c5 24. Ng3 Qe6 25. d5 Qf7 26. Nf5+ Kh7 27. Rhe1 c4 28. e5 c3 29. Qd4 fxe5 30. fxe5 e6 31. Nd6 c2+ 32. Rxc2 Qg8 33. Qe4+ Kh8 34. Rxc8 Rxc8 35. Nxc8 Qxc8 36. Rc1 Qe8 37. dxe6 Qxe6 38. Rc6 Nf6 39. Rxe6 Nxe4 40. Rxh6+ Kg7 41. Rg6+ Kh7 42. Kc2 1-0

[Event "Cheliabinsk Variation-B"]
[Site "Cheliabinsk"]
[Date "2022.04.01"]
[Round "1"]
[White "Eidelson, Rakhil"]
[Black "Nurgali, Nazerke"]
[Result "0-1"]
[WhiteElo "1883"]
[BlackElo "2222"]
[PlyCount "92"]
[EventDate "2022.04.01"]
[EventType "swiss"]
[EventRounds "9"]
[EventCountry "RUS"]
[SourceTitle "CBM 207 Extra"]
[Source "ChessBase"]
[SourceDate "2022.05.31"]
[SourceVersion "1"]
[SourceVersionDate "2022.05.31"]
[SourceQuality "1"]

1. Nf3 d5 2. g3 Nf6 3. Bg2 e6 4. 0-0 Be7 5. d4 0-0 6. c4 c6 7. Qc2 Nbd7 8. Nbd2 b6 9. e4 dxc4 10. Nxc4 Bb7 11. Rd1 c5 12. d5 exd5 13. exd5 Bxd5 14. Bf4 h6 15. Nce5 Qc8 16. Nxd7 Qxd7 17. Be5 Rad8 18. Bxf6 Bxf6 19. Ng5 hxg5 20. Rxd5 Qe7 21. Rad1 Bd4 22. Rf5 Rd6 23. Rf1 Rfd8 24. b3 Bf6 25. a4 Rd2 26. Qc4 R8d4 27. Qa6 g4 28. Rf4 Rxf4 29. gxf4 Qc7 30. Qb5 g6 31. Qe8+ Kg7 32. Qe3 Rd4 33. Be4 c4 34. Re1 cxb3 35. Qxb3 Qxf4 36. Qe3 Qxe3 37. Rxe3 Rxa4 38. Bd5 Rd4 39. Bb3 a5 40. Kg2 a4 41. Bc2 b5 42. Ra3 Rd2 43. Be4 Bh4 44. Rd3 Rxf2+ 45. Kg1 b4 46. Bc6 a3 0-1

[Event "Cheliabinsk December Evenings-A"]
[Site "Cheliabinsk"]
[Date "2019.12.22"]
[Round "9"]
[White "Eidelson, Rakhil"]
[Black "Benderac, Ana"]
[Result "1/2-1/2"]
[WhiteElo "2051"]
[BlackElo "2206"]
[PlyCount "21"]
[EventDate "2019.12.14"]
[EventType "tourn"]
[EventRounds "9"]
[EventCountry "RUS"]
[SourceTitle "CBM 194 Extra"]
[Source "ChessBase"]
[SourceDate "2020.03.31"]
[SourceVersion "1"]
[SourceVersionDate "2020.03.31"]
[SourceQuality "1"]

1. Nf3 d5 2. g3 c6 3. Bg2 Nf6 4. 0-0 g6 5. b3 Bg7 6. Bb2 0-0 7. d3 Bf5 8. Nbd2 Qc8 9. Re1 Bh3 10. e4 Bxg2 11. Kxg2 1/2-1/2

[Event "Cheliabinsk December Evenings-A"]
[Site "Cheliabinsk"]
[Date "2019.12.21"]
[Round "8"]
[White "Nasyrova, Ekaterina"]
[Black "Eidelson, Rakhil"]
[Result "1/2-1/2"]
[WhiteElo "2153"]
[BlackElo "2051"]
[PlyCount "113"]
[EventDate "2019.12.14"]
[EventType "tourn"]
[EventRounds "9"]
[EventCountry "RUS"]
[SourceTitle "CBM 194 Extra"]
[Source "ChessBase"]
[SourceDate "2020.03.31"]
[SourceVersion "1"]
[SourceVersionDate "2020.03.31"]
[SourceQuality "1"]

1. Nf3 Nf6 2. c4 g6 3. g3 Bg7 4. Bg2 0-0 5. d4 d6 6. Nc3 a6 7. 0-0 Nc6 8. Bf4 Bf5 9. Rc1 Ne4 10. Nxe4 Bxe4 11. d5 Nb8 12. Qd2 c5 13. Bh6 Nd7 14. Bxg7 Kxg7 15. Nh4 Bxg2 16. Kxg2 Nf6 17. Qd3 Qd7 18. f4 b5 19. e4 bxc4 20. Rxc4 Qb7 21. Rf2 Kg8 22. Nf3 a5 23. Rd2 Rfd8 24. Rc3 a4 25. Qc4 Ra6 26. a3 Rb6 27. Rcc2 Ng4 28. Qe2 Qa6 29. h3 Nf6 30. Qxa6 Rxa6 31. Re2 Ne8 32. Kf2 Nc7 33. Red2 Rb8 34. g4 Rb3 35. h4 Rab6 36. h5 Kg7 37. g5 gxh5 38. Nh4 Nb5 39. Nf5+ Kf8 40. Rc4 Nd4 41. Nxd4 cxd4 42. Rxa4 Rxb2 43. Raxd4 Kg7 44. R4d3 Rxd2+ 45. Rxd2 Ra6 46. Rd3 Ra4 47. Re3 Kg6 48. Kg3 e6 49. Kh4 h6 50. dxe6 fxe6 51. gxh6 Kxh6 52. Kg3 Kg6 53. Kf3 Kf6 54. Rd3 Ke7 55. Re3 Kf6 56. Rd3 Ke7 57. Re3 1/2-1/2

[Event "Cheliabinsk December Evenings-A"]
[Site "Cheliabinsk"]
[Date "2019.12.19"]
[Round "6"]
[White "Mukhina, Jana"]
[Black "Eidelson, Rakhil"]
[Result "1/2-1/2"]
[WhiteElo "2104"]
[BlackElo "2051"]
[PlyCount "73"]
[EventDate "2019.12.14"]
[EventType "tourn"]
[EventRounds "9"]
[EventCountry "RUS"]
[SourceTitle "CBM 194 Extra"]
[Source "ChessBase"]
[SourceDate "2020.03.31"]
[SourceVersion "1"]
[SourceVersionDate "2020.03.31"]
[SourceQuality "1"]

1. e4 c5 2. Nf3 a6 3. c3 Nf6 4. e5 Nd5 5. Bc4 e6 6. 0-0 Nc6 7. d4 cxd4 8. Bxd5 exd5 9. Nxd4 d6 10. exd6 Bxd6 11. Re1+ Ne7 12. Nd2 0-0 13. N2f3 Nf5 14. Nxf5 Bxf5 15. Bg5 Qd7 16. Ne5 Bxe5 17. Rxe5 Be6 18. Re3 Rac8 19. Rg3 Kh8 20. Be3 f6 21. h4 Qb5 22. Qd2 Bf7 23. Bd4 Bh5 24. Re1 Rce8 25. Rxe8 Bxe8 26. Qe1 Kg8 27. Qe6+ Kh8 28. h5 Qd7 29. Qe2 h6 30. Bc5 Rg8 31. Bd4 Qf5 32. Rh3 Bb5 33. Qd2 Qb1+ 34. Kh2 Qf5 35. Qe3 Re8 36. Qg3 Bc6 37. Be3 1/2-1/2

[Event "Satka Autumn op (Women)"]
[Site "Satka"]
[Date "2019.09.24"]
[Round "6"]
[White "Kulkova, Dina"]
[Black "Eidelson, Rakhil"]
[Result "0-1"]
[WhiteElo "1424"]
[BlackElo "2064"]
[PlyCount "78"]
[EventDate "2019.09.19"]
[EventType "swiss"]
[EventRounds "9"]
[EventCountry "RUS"]
[SourceTitle "EXT 2020"]
[Source "ChessBase"]
[SourceDate "2019.10.17"]
[SourceVersion "1"]
[SourceVersionDate "2019.10.17"]
[SourceQuality "1"]

1. c4 Nf6 2. g3 g6 3. Bg2 Bg7 4. Nc3 d6 5. e3 0-0 6. Nge2 e5 7. 0-0 Re8 8. d3 c6 9. Rb1 Be6 10. b3 Qd7 11. Bb2 Bh3 12. Qd2 Bxg2 13. Kxg2 Na6 14. h3 Rad8 15. d4 e4 16. d5 Nc5 17. Ba1 Qe7 18. Nf4 Ncd7 19. dxc6 bxc6 20. Rfd1 Ne5 21. Qc2 Nf3 22. Nxe4 Nh4+ 23. gxh4 Nxe4 24. Bxg7 Kxg7 25. h5 Qe5 26. Rg1 Qg5+ 27. Kf1 Qf5 28. Qb2+ Qe5 29. Nd3 Qxb2 30. Rxb2 d5 31. hxg6 dxc4 32. gxf7+ Kxf7 33. Nf4 c3 34. Rc2 Rd1+ 35. Kg2 Rg8+ 36. Kf3 Nd2+ 37. Ke2 Rgxg1 38. Nd3 Ne4 39. b4 Rd2+ 0-1

[Event "Cheliabinsk Panchenko Memorial op"]
[Site "Cheliabinsk"]
[Date "2019.09.13"]
[Round "5"]
[White "Grachev, Alexey1111"]
[Black "Eidelson, Rakhil"]
[Result "1-0"]
[WhiteElo "2322"]
[BlackElo "2064"]
[PlyCount "85"]
[EventDate "2019.09.09"]
[EventType "swiss"]
[EventRounds "9"]
[EventCountry "RUS"]
[SourceTitle "EXT 2020"]
[Source "ChessBase"]
[SourceDate "2019.10.17"]
[SourceVersion "1"]
[SourceVersionDate "2019.10.17"]
[SourceQuality "1"]

1. c4 Nf6 2. Nc3 g6 3. e4 d6 4. d4 Bg7 5. Nf3 0-0 6. h3 c5 7. d5 Na6 8. Bd3 Nc7 9. Bg5 h6 10. Be3 a6 11. a4 Re8 12. Qd2 Kh7 13. e5 dxe5 14. Nxe5 Rf8 15. f4 Nd7 16. Nxd7 Bxd7 17. Bxc5 b5 18. 0-0 bxc4 19. Bxc4 Ne8 20. Qf2 Nd6 21. Bd3 a5 22. Rfe1 Re8 23. Re2 Rb8 24. Rae1 Rxb2 25. Rxb2 Bxc3 26. Bd4 Bxe1 27. Qxe1 Qa8 28. Be4 Nxe4 29. Qxe4 Bf5 30. Qe5 f6 31. Qc7 Qxd5 32. Bxf6 Bd7 33. Be5 Bc6 34. Kh2 Kg8 35. Rc2 Bb7 36. Qb6 Kf7 37. Ba1 Rc8 38. Re2 Rc4 39. Qb2 Rc7 40. Rd2 Qe6 41. Qg7+ Ke8 42. Qh8+ Kf7 43. Rd8 1-0

[Event "Cheliabinsk Kibizov Memorial-A"]
[Site "Cheliabinsk"]
[Date "2019.06.24"]
[Round "4"]
[White "Eidelson, Rakhil"]
[Black "Nasybullina, Dayana"]
[Result "1/2-1/2"]
[WhiteElo "2116"]
[BlackElo "1986"]
[PlyCount "101"]
[EventDate "2019.06.21"]
[EventType "tourn"]
[EventRounds "9"]
[EventCountry "RUS"]
[SourceTitle "EXT 2020"]
[Source "ChessBase"]
[SourceDate "2019.10.17"]
[SourceVersion "1"]
[SourceVersionDate "2019.10.17"]
[SourceQuality "1"]

1. Nf3 d5 2. g3 Nf6 3. Bg2 Bf5 4. d3 e6 5. 0-0 Be7 6. Nbd2 0-0 7. Qe1 Bg6 8. e4 dxe4 9. dxe4 Nbd7 10. h3 c6 11. Qe2 Nc5 12. Ne5 Qc7 13. Nxg6 hxg6 14. e5 Nd5 15. Nf3 Rad8 16. h4 Qb6 17. Ng5 Rd7 18. Ne4 Nxe4 19. Bxe4 Qd4 20. Bg2 Rfd8 21. c3 Qa4 22. Be4 Nb6 23. Bc2 Qc4 24. Qf3 Qd5 25. Qe2 Qc4 26. Qe1 Bxh4 27. Kg2 Be7 28. Bb3 Qb5 29. Qe4 Qd3 30. Qg4 Qf5 31. Qxf5 gxf5 32. Be3 Ra8 33. c4 Bb4 34. a3 Be7 35. a4 Rd3 36. Ba2 Rad8 37. a5 Nd7 38. Bxa7 Nxe5 39. Bb6 R8d7 40. Rae1 Bf6 41. Re2 Rd2 42. Rfe1 Rxe2 43. Rxe2 Rd1 44. Bb3 Rc1 45. Be3 Ra1 46. Bd4 Rxa5 47. Bc3 Rc5 48. Bd4 Ra5 49. Bc3 Rc5 50. Bd4 Ra5 51. Bc3 1/2-1/2

[Event "BLR-ch (Women)"]
[Site "Minsk"]
[Date "2019.06.06"]
[Round "8"]
[White "Eidelson, Rakhil"]
[Black "Ilyuchyk, Yana"]
[Result "0-1"]
[WhiteElo "2112"]
[BlackElo "2137"]
[PlyCount "86"]
[EventDate "2019.05.30"]
[EventType "tourn"]
[EventRounds "9"]
[EventCountry "BLR"]
[SourceTitle "CBM 190 Extra"]
[Source "ChessBase"]
[SourceDate "2019.07.15"]
[SourceVersion "1"]
[SourceVersionDate "2019.07.15"]
[SourceQuality "1"]

1. e4 c5 2. Nf3 Nc6 3. Nc3 d6 4. d4 cxd4 5. Nxd4 Nf6 6. Bc4 e6 7. Bb3 Be7 8. Be3 a6 9. Qe2 Nxd4 10. Bxd4 b5 11. 0-0-0 Bb7 12. f3 0-0 13. Kb1 Nd7 14. f4 b4 15. Na4 Qa5 16. Qg4 Nf6 17. Qg3 Bxe4 18. Nb6 Rad8 19. Nc4 Qh5 20. Ne3 Qg6 21. Qe1 d5 22. Rg1 Ng4 23. Nf1 Rc8 24. Rc1 Bd6 25. g3 a5 26. Qe2 Nf6 27. Ne3 Bc5 28. Rcd1 Bxd4 29. Rxd4 Nd7 30. f5 Bxf5 31. Nxf5 Qxf5 32. Ba4 Qe5 33. Qf2 Nc5 34. Bb5 Ne4 35. Re1 Qb8 36. Qf1 Qb6 37. Rdd1 Rc5 38. Bd3 Nc3+ 39. Ka1 Nxd1 40. Rxd1 Qd6 41. Qh3 g6 42. Qh6 Qe5 43. h4 a4 0-1

[Event "Cheliabinsk (Women)"]
[Site "Cheliabinsk"]
[Date "2018.12.11"]
[Round "4"]
[White "Benderac, Ana"]
[Black "Eidelson, Rakhil"]
[Result "1/2-1/2"]
[WhiteElo "2240"]
[BlackElo "2086"]
[PlyCount "37"]
[EventDate "2018.12.08"]
[EventType "tourn"]
[EventRounds "9"]
[EventCountry "RUS"]
[SourceTitle "CBM 187 Extra"]
[Source "ChessBase"]
[SourceDate "2018.11.04"]
[SourceVersion "1"]
[SourceVersionDate "2018.11.04"]
[SourceQuality "1"]

1. d4 Nf6 2. Nf3 g6 3. e3 Bg7 4. Be2 d6 5. 0-0 0-0 6. Nbd2 Nbd7 7. b3 e5 8. Bb2 e4 9. Ne1 Re8 10. c4 Nf8 11. Nc2 h5 12. f4 exf3 13. Bxf3 Ng4 14. Bd5 Ne6 15. h3 Nh6 16. Bxe6 Bxe6 17. Qf3 c6 18. Rae1 d5 19. e4 1/2-1/2